| 000 | 00695nam a2200229 a 4500 | ||
|---|---|---|---|
| 003 | OSt | ||
| 005 | 20151117093837.0 | ||
| 008 | 070912s1988 esp 000 1dspa d | ||
| 020 | _a84-320-2355-8 | ||
| 040 | _cBMC | ||
| 082 | _a808.06842 | ||
| 100 | 1 |
_aKipling, Rudyard _d1865-1936 _9589 |
|
| 245 | 1 | 0 |
_aRudyard Kipling _b: 1907 _cRudyard Kipling; prólogo, Andrés Bosch |
| 250 | _a13ª ed | ||
| 260 |
_aBarcelona _bPlaneta _c1988 |
||
| 300 |
_aIV, 821 p. _c18 cm |
||
| 490 | 0 | _aObras selectas de premios Nobel | |
| 505 | 0 | _aContiene: En tinieblas -- Acciones y reacciones -- Muchas fantasías | |
| 650 | 2 | 4 |
_929437 _aCuentos ingleses |
| 700 | 1 |
_aBosch, Andrés _930223 |
|
| 942 |
_2ddc _cBK |
||
| 999 |
_c23504 _d23504 |
||